000 01267nam a22002657a 4500
005 20170124103158.0
010 _aB-198944
020 _c250.00
_a8181290682
035 _aB-198944
037 _bCen Lib/Ret
040 _aDPL
_bHN
082 _a821.08
_bकौशिक
100 _aकौशिक, मीता
_990397
245 _aसामाजिक बुराइयों के उन्मूलन में कबीर का योगदान :
_cमीता कौशिक
_bआज के सन्दर्भ में /
246 _aSamajik buraiyon ke unmoolan me Kabeer ka yogdan : aaj ke sandarbh me/
_bby Meeta Kaushik
260 _aनई दिल्ली
_bनमन प्रकाशन
_c2005
270 _bनई दिल्ली
_a4378/4B, अंसारी रोड, दरियागंज
_e110092
300 _aviii,136पृ.
_c21सेमी(सजिल्द)
500 _aसंदर्भ शामिल
650 _aकबीर -- जीवन वृत्त
_96720
650 _aकबीर -- प्रासंगिकता
_91221
650 _aKabir - biography
_990398
650 _aKabir - Relevance
_990399
942 _2ddc
_cHN
_h821.08
_mकौशिक
999 _c120433
_d120433